Fill Map Jump Closest World Capital in other Continent #2 - Statistics

General Stats
  • This quiz has been taken 336 times
  • The average score is 88 of 196
Answers on the Map
Answers color-coded by a green-red scale on the quiz's map according to % correct below.
 
Answer Stats
D (km) SOUTH POLE % Correct
5,429 Wellington
100%
6,035 Dili
90%
2,040 Ngerulmud
81%
1,683 Manila
80%
3,928 Port Moresby
78%
3,910 Bandar Seri Begawan
76%
5,392 Canberra
76%
5,645 Honiara
76%
5,864 Jakarta
76%
4,518 Majuro
76%
4,789 Palikir
76%
5,601 Seoul
76%
6,204 Singapore
76%
5,642 Taipei
76%
3,697 Tokyo
76%
5,883 Yaren
76%
819 Ankara
72%
1,315 Asmara
72%
1,254 Athens
72%
1,942 Cairo
72%
432 Djibouti
72%
424 Jerusalem
72%
2,230 Malé
72%
1,708 Manama
72%
3,136 Mogadishu
72%
1,494 Riyadh
72%
1,475 Sana'a
72%
5,422 Victoria
72%
749 Bucharest
71%
1,200 Nicosia
71%
1,204 Sofia
71%
992 Algiers
70%
1,001 Rome
70%
355 Tripoli
70%
1,299 Tunis
70%
401 Valletta
70%
651 Andorra la Vella
69%
560 Lisbon
69%
2,740 Madrid
69%
3,032 Niamey
69%
2,381 Nouakchott
69%
1,190 Rabat
69%
3,300 Vatican City
67%
2,206 Beirut
65%
1,610 Damascus
65%
1,527 Skopje
65%
1,625 Chișinău
63%
1,395 Tbilisi
63%
1,463 Kiev
62%
1,804 Moscow
62%
1,577 Yerevan
62%
2,528 Amman
60%
2,277 Baghdad
60%
1,929 Baku
60%
2,300 Khartoum
60%
2,198 Kuwait City
60%
2,243 Minsk
60%
1,764 Pristina
60%
3,264 Abu Dhabi
59%
2,450 Addis Ababa
59%
2,254 Doha
59%
3,106 Juba
59%
3,230 Ashgabat
58%
3,071 Astana
58%
2,802 Belgrade
58%
3,812 Kampala
58%
3,625 Muscat
58%
3,421 Nairobi
58%
3,664 Tashkent
58%
4,373 Tehran
58%
3,822 Bishkek
57%
3,827 Dushanbe
57%
3,019 Helsinki
57%
4,271 Kabul
57%
3,638 Riga
57%
3,862 Tallinn
57%
3,109 Vilnius
57%
4,065 Warsaw
57%
3,270 N'Djamena
56%
3,385 Podgorica
56%
4,346 Tirana
56%
3,870 Abuja
55%
3,839 Monaco
55%
3,580 Ouagadougou
54%
3,981 Bamako
53%
4,068 Bern
53%
4,256 Dakar
53%
3,745 San Marino
53%
4,197 Paris
52%
4,294 Banjul
50%
589 Caracas
48%
565 Georgetown
48%
4,311 Paramaribo
48%
878 Port-of-Spain
48%
702 Saint George's
48%
1,700 Bogotá
47%
3,406 Bridgetown
47%
3,594 Castries
47%
685 Kingstown
47%
2,552 Lima
47%
2,863 Managua
47%
772 Panama City
47%
4,038 Praia
47%
1,021 Quito
47%
1,281 San José
47%
3,445 Brasília
46%
3,744 La Paz
46%
4,066 Roseau
45%
5,008 Bissau
44%
4,714 Saint John's
44%
4,509 Asunción
43%
4,552 Porto-Novo
41%
4,415 Sarajevo
40%
4,563 Vaduz
40%
4,374 Bangui
38%
4,605 Ljubljana
38%
4,622 Lomé
38%
4,683 Yaoundé
38%
4,599 Zagreb
38%
4,889 Budapest
37%
4,808 Conakry
34%
4,710 Islamabad
34%
4,982 Accra
33%
4,856 Bratislava
33%
4,920 Luxembourg
33%
4,983 Malabo
33%
4,978 Vienna
33%
4,920 Freetown
31%
4,815 London
31%
4,967 Brussels
30%
4,960 Yamoussoukro
29%
5,133 Amsterdam
28%
5,230 Dublin
28%
5,303 Monrovia
28%
4,524 Washington
28%
4,915 Ottawa
27%
3,873 Reykjavík
27%
6,247 Oslo
26%
5,789 Berlin
25%
6,158 Copenhagen
25%
5,572 New Delhi
25%
5,711 Prague
25%
5,817 São Tomé
25%
5,554 Stockholm
25%
5,877 Ulaanbaatar
25%
7,152 Kigali
24%
5,527 Libreville
24%
6,443 Kathmandu
23%
6,414 Kuala Lumpur
23%
6,628 Antananarivo
22%
8,018 Bangkok
22%
3,868 Colombo
22%
6,456 Dhaka
22%
7,403 Dodoma
22%
7,672 Gitega
22%
7,968 Lilongwe
22%
4,549 Moroni
22%
7,596 Naypyidaw
22%
6,086 Port Louis
22%
6,885 Thimphu
22%
7,895 South Tarawa
21%
8,338 Vientiane
21%
8,380 Beijing
20%
8,348 Port Vila
20%
6,351 Pyongyang
20%
7,621 Funafuti
19%
9,022 Hanoi
19%
7,682 Phnom Penh
19%
8,715 Suva
19%
5,813 Basseterre
16%
9,219 Harare
14%
8,654 Montevideo
14%
5,548 Tegucigalpa
14%
9,915 Brazzaville
13%
6,192 Buenos Aires
13%
10,387 Kinshasa
13%
5,678 Santiago
13%
9,608 Luanda
12%
9,420 Nukuʻalofa
12%
9,863 Port-au-Prince
12%
11,093 Apia
11%
10,056 Guatemala City
11%
10,381 Kingston
11%
12,754 Lusaka
11%
8,766 Mexico City
11%
13,319 San Salvador
11%
5,998 Santo Domingo
11%
13,247 Belmopan
10%
13,158 Gaborone
10%
150 Maputo
10%
13,448 Maseru
10%
10,485 Nassau
10%
12,409 Windhoek
10%
11,884 Havana
9%
401 Pretoria
9%
301 Mbabane
8%
No matching quizzes found
Score Distribution
Percent of People with Each Score
Percentile by Number Answered
Your Score History
You have not taken this quiz